Ekonomika miestneho hospodárstva
Salvato in:
| Autore principale: | |
|---|---|
| Ente Autore: | |
| Natura: | Libro |
| Lingua: | slovacco |
| Pubblicazione: |
Bratislava
Slovenské pedagogické nakladateľstvo
1968
|
| Serie: | Ekonomické aktuality
|
| Tags: |
Nessun Tag, puoi essere il primo ad aggiungerne!!
|
MARC
| LEADER | 00000nam a2200000 4500 | ||
|---|---|---|---|
| 001 | c141961 | ||
| 005 | 20190204131135.5 | ||
| 041 | 0 | |a slo | |
| 044 | |a SK | ||
| 245 | 1 | 0 | |a Ekonomika miestneho hospodárstva |c Peter Zaťko |
| 264 | 1 | |a Bratislava |b Slovenské pedagogické nakladateľstvo |c 1968 | |
| 300 | |a 41 s. | ||
| 490 | 1 | |a Ekonomické aktuality | |
| 830 | 0 | |a Ekonomické aktuality | |
| 500 | |a Bibliografický zpravodaj, 1968, č.1 | ||
| 100 | 1 | |a Zaťko, Peter | |
| 710 | 2 | |a Ústredná ekonomická knižnica pri VŠE | |